000
00244nam a22001097a 4500
082
_a
621.384 NOR'C
100
_a
NORANDER NATH
_9
75141
245
_a
COMPLETE RADIO SERVICING
260
_a
LAHORE
_b
JAHANGIR
_c
1985
300
_a
448P
942
_c
BK
999
_c
580620
_d
580620